<?xml version="1.0" encoding="UTF-8"?>
<record
    xmlns:xsi="http://www.w3.org/2001/XMLSchema-instance"
    xsi:schemaLocation="http://www.loc.gov/MARC21/slim http://www.loc.gov/standards/marcxml/schema/MARC21slim.xsd"
    xmlns="http://www.loc.gov/MARC21/slim">

  <leader>01308nam a2200241 a 4500</leader>
  <controlfield tag="001">000000351</controlfield>
  <controlfield tag="005">20240305141038.0</controlfield>
  <controlfield tag="008">081204s2007    dr a          000 0 spa d</controlfield>
  <datafield tag="020" ind1=" " ind2=" ">
    <subfield code="a">9789993456117</subfield>
  </datafield>
  <datafield tag="040" ind1=" " ind2=" ">
    <subfield code="a">DO-SdBNP</subfield>
    <subfield code="b">spa</subfield>
    <subfield code="c">BNPHU</subfield>
  </datafield>
  <datafield tag="082" ind1=" " ind2=" ">
    <subfield code="a">RD861.5</subfield>
    <subfield code="b">G146L</subfield>
  </datafield>
  <datafield tag="100" ind1="1" ind2=" ">
    <subfield code="a">Gal&#xE1;n, Bismar,</subfield>
    <subfield code="d">1961-</subfield>
    <subfield code="9">1490</subfield>
  </datafield>
  <datafield tag="245" ind1="1" ind2="0">
    <subfield code="a">Luna de plata /</subfield>
    <subfield code="c">Bismar Gal&#xE1;n.</subfield>
  </datafield>
  <datafield tag="260" ind1=" " ind2=" ">
    <subfield code="a">Santo Domingo :</subfield>
    <subfield code="b">Norma,</subfield>
    <subfield code="c">2007.</subfield>
  </datafield>
  <datafield tag="300" ind1=" " ind2=" ">
    <subfield code="a">44 p. :</subfield>
    <subfield code="b">il. ;</subfield>
    <subfield code="c">19 cm.</subfield>
  </datafield>
  <datafield tag="490" ind1="1" ind2=" ">
    <subfield code="a">Torre de papel naranja</subfield>
  </datafield>
  <datafield tag="500" ind1=" " ind2=" ">
    <subfield code="a">Incluye datos biogr&#xE1;ficos del autor</subfield>
  </datafield>
  <datafield tag="505" ind1="0" ind2=" ">
    <subfield code="t">Dedicatoria --</subfield>
    <subfield code="t">Abuelo dime por qu&#xE9; --</subfield>
    <subfield code="t">Nido --</subfield>
    <subfield code="t">Dice abuela --</subfield>
    <subfield code="t">Coqueta --</subfield>
    <subfield code="t">En la ventana --</subfield>
    <subfield code="t">Dibujo --</subfield>
    <subfield code="t">Piloto --</subfield>
    <subfield code="t">Juego de noche --</subfield>
    <subfield code="t">Primavera --</subfield>
    <subfield code="t">La lluvia --</subfield>
    <subfield code="t">M&#xFA;sica --</subfield>
    <subfield code="t">Danza --</subfield>
    <subfield code="t">Alegr&#xED;a --</subfield>
    <subfield code="t">Arcoiris --</subfield>
    <subfield code="t">Cuando la lluvia se esconde --</subfield>
    <subfield code="t">Daniela quiere saber --</subfield>
    <subfield code="t">Hermanito, dilo t&#xFA; --</subfield>
    <subfield code="t">Mariposa --</subfield>
    <subfield code="t">Conversaci&#xF3;n --</subfield>
    <subfield code="t">Payaso --</subfield>
    <subfield code="t">Visita --</subfield>
    <subfield code="t">Ronda --</subfield>
    <subfield code="t">Bola de cristal --</subfield>
    <subfield code="t">Hay un conejo en la luna --</subfield>
    <subfield code="t">Hojas-peces --</subfield>
    <subfield code="t">Libertad --</subfield>
    <subfield code="t">&#xC1;ngeles --</subfield>
    <subfield code="t">All&#xE1;, donde el sol se duerme --</subfield>
    <subfield code="t">Papalote --</subfield>
    <subfield code="t">Humo --</subfield>
    <subfield code="t">Sue&#xF1;o --</subfield>
    <subfield code="t">Escarabajo --</subfield>
    <subfield code="t">Manzanas de oro --</subfield>
    <subfield code="t">Abuelo va a regresar.</subfield>
  </datafield>
  <datafield tag="650" ind1=" " ind2="4">
    <subfield code="a">Poes&#xED;a infantil dominicana</subfield>
    <subfield code="9">1187</subfield>
  </datafield>
  <datafield tag="650" ind1=" " ind2="4">
    <subfield code="a">Literaturainfantil dominicana</subfield>
    <subfield code="9">1188</subfield>
  </datafield>
  <datafield tag="830" ind1=" " ind2="0">
    <subfield code="a">Torre de papel naranja</subfield>
    <subfield code="9">1189</subfield>
  </datafield>
  <datafield tag="910" ind1=" " ind2=" ">
    <subfield code="a">Validado. Control de calidad MFF</subfield>
  </datafield>
  <datafield tag="952" ind1=" " ind2=" ">
    <subfield code="0">0</subfield>
    <subfield code="1">0</subfield>
    <subfield code="7">2</subfield>
    <subfield code="8">PD</subfield>
    <subfield code="a">BNPHU</subfield>
    <subfield code="b">BNPHU</subfield>
    <subfield code="c">HD</subfield>
    <subfield code="d">2009-07-15</subfield>
    <subfield code="i">LF1</subfield>
    <subfield code="l">0</subfield>
    <subfield code="o">RD861.5 G146L</subfield>
    <subfield code="p">351-10</subfield>
    <subfield code="r">2020-06-25</subfield>
    <subfield code="w">2020-06-25</subfield>
    <subfield code="y">LF1</subfield>
    <subfield code="Z">No se presta</subfield>
  </datafield>
  <datafield tag="952" ind1=" " ind2=" ">
    <subfield code="0">0</subfield>
    <subfield code="1">0</subfield>
    <subfield code="7">2</subfield>
    <subfield code="8">PD</subfield>
    <subfield code="a">BNPHU</subfield>
    <subfield code="b">BNPHU</subfield>
    <subfield code="c">HD</subfield>
    <subfield code="d">2009-07-15</subfield>
    <subfield code="i">LF1</subfield>
    <subfield code="l">0</subfield>
    <subfield code="o">RD861.5 G146L</subfield>
    <subfield code="p">351-20</subfield>
    <subfield code="r">2020-06-25</subfield>
    <subfield code="t">e. 2</subfield>
    <subfield code="w">2020-06-25</subfield>
    <subfield code="y">LF1</subfield>
    <subfield code="Z">No se presta</subfield>
  </datafield>
  <datafield tag="999" ind1=" " ind2=" ">
    <subfield code="c">350</subfield>
    <subfield code="d">350</subfield>
  </datafield>
</record>
